Normal view MARC view
  • Skinner, Dyke and Skinner

Entry Corporate Name

Number of records used in: 1

001 - CONTROL NUMBER

  • control field: 5429

003 - CONTROL NUMBER IDENTIFIER

  • control field: SIRSI

005 - DATE AND TIME OF LATEST TRANSACTION

  • control field: 20190806150243.0

008 - FIXED-LENGTH DATA ELEMENTS

  • fixed length control field: 071030n| acannaabn |n ana d

040 ## - CATALOGING SOURCE

  • Original cataloging agency: OSt
  • Transcribing agency: OSt

110 2# - HEADING--CORPORATE NAME

  • Corporate name or jurisdiction name as entry element: Skinner, Dyke and Skinner

670 ## - SOURCE DATA FOUND

  • Source citation: The particulars of eligible freehold estates advantageously situate on the east side of the Borough High Street and in Angel Court, adjoining, near St George's Church consisting of two commodious dwelling houses and shops with extensive fronts (no. 146 and no. 147), The Angel Public House and twenty-five dwelling houses forming the whole of Angel Court...which will be sold at auction by Mess. Skinner, Dyke and Skinner on Thursday the 19th of July..., [1798]